Statistics for Historical Figures by Image #2

Click here to take the quiz!

General Stats

  • This quiz has been taken 176 times
  • The average score is 5 of 10

Answer Stats

Niccolò Machiavelli% Correct
Queen Victoria
93%
Vincent van Gogh
93%
Elizabeth I of England
82%
Rembrandt
61%
Dante Alighieri
34%
Alexander Hamilton
32%
Niccolò Machiavelli
30%
Franz Kafka
17%
Adam Smith
8%
Sun Tzu
8%

Score Distribution

Percentile by Number Answered

Percent of People with Each Score

Your Score History

You have not taken this quiz